修煉 . 動物精的祕密 . I

資料類型: Book 圖書   書目號:49848

Leader xxxxxxxxxx
001 __ PCLIS00049848
005 __ 20221118091608.0
010 0_ |a978-986-5988-11-1|b平裝|dNT$360
005 __ 20210617111922.0
100 __ |a20160421d2012    de y0chiy09      e
101 0_ |achi
102 __ |atw
105 __ |ay   z   000ay
200 1_ |a修煉|hI|i動物精的祕密|f陳郁如作
205 __ |a初版
210 __ |a臺北市|c小兵|d2012[民101]
215 0_ |a366面||d22公分
225 2_ |a修煉|vI
461 _0 |12001 |a修煉
517 1_ |a動物精的祕密
606 __ |2cst|a長篇小說
681 __ |a857.7|b8756
700 _1 |a|b郁如|4801 _0 |atw|b內湖高中|c20160421|gCCR
詳細館藏(共 1 筆)
索 書 號登 錄 號冊次號館別 / 館藏地流通類型狀態加入預約清單電子資源
857.7 / 8756 1023619 v.1 圖書館 / 一樓普通區 可外借30天 在館   

| 條列資料




目錄查詢 分類查詢 個人資料 圖書薦購 新書查詢 閉館日 排行榜 更多電子資源 Hami書城 線上資料庫 登出

From : 216.73.217.52

  本日流通累計至 11:53:20 借閱 : 0 次 續借 : 0 次 歸還 : 0 次 預約 : 0 次 電子資源 : 0 次


內湖高中圖書館  PCLIS 版本  26.5.0.12